| 000 | 00724nam a2200229 a 4500 | ||
|---|---|---|---|
| 003 | UPN | ||
| 005 | 20240426063923.0 | ||
| 008 | 991125s1938 mx ab 001 0 spa d | ||
| 035 | _aUPN01000034025 | ||
| 040 |
_aMX-MxUPN _bspa _cMX-MxUPN |
||
| 041 | _aspa | ||
| 050 | 4 |
_aF1411 _bT3.4 |
|
| 100 | 1 |
_aTaracena Quevedo, Alfonso, _d1896-1995 _940262 |
|
| 245 | 1 | 0 | _aLecciones de historia hispanoamericana |
| 260 |
_aMéxico, D.F. : _bEdicones Botas, _c1938. |
||
| 300 |
_a276 páginas : _bilustraciones, mapas |
||
| 500 | _a"Arregladas para las escuelas del continente" | ||
| 504 | _aIncluye índice | ||
| 651 | 4 |
_aAmérica Latina _xHistoria _xEstudio y enseñanza (Superior) _92868 |
|
| 905 | _aLibro | ||
| 942 |
_2lcc _cLIBRO _n0 |
||
| 999 |
_c34025 _d34025 |
||